Kane Brown Charting Songs (Billboard Hot Country) - Statistics

General Stats
  • This quiz has been taken 15 times
    9 since last reset
  • The average score is 11 of 40
Answer Stats
Album Weeks On Peak Artist(s) Song % Correct
Kane Brown 52 Weeks #2 Kane Brown Heaven
71%
Non-Album SIngle 20 Weeks #9 Kane Brown x blackbear Memory
57%
Different Man 28 Weeks #4 Kane Brown One Mississippi
57%
Non-Album Single 27 Weeks #1 Marshmello & Kane Brown One Thing Right
57%
Different Man 38 Weeks #2 Kane Brown & Katelyn Brown Thank God
57%
Kane Brown 61 Weeks #1 Kane Brown ft. Lauren Alaina What Ifs
57%
Different Man 23 Weeks #8 Kane Brown Bury Me in Georgia
43%
Mixtape, Vol. 1 26 Weeks #5 Kane Brown Cool Again
43%
Famous Friends 35 Weeks #2 Chris Young + Kane Brown Famous Friends
43%
Experiment 53 Weeks #3 Kane Brown Homesick
43%
Non-Album Single 6 Weeks #30 Kane Brown I Can Feel It
43%
Different Man 22 Weeks #3 Kane Brown Like I Love Country Music
43%
Chapter 1 24 Weeks #15 Kane Brown Used to Love You Sober
43%
Non-Album Single 7 Weeks #36 Kane Brown & H.E.R. Blessed and Free
29%
Experiment 9 Weeks #19 Kane Brown For My Daughter
29%
Experiment 36 Weeks #3 Kane Brown Good as You
29%
Experiment 8 Weeks #17 Kane Brown Like a Rodeo
29%
Experiment 33 Weeks #1 Kane Brown Lose It
29%
Kane Brown 1 Week #45 Kane Brown with Chris Young Setting the Night on Fire
29%
Kane Brown 19 Weeks #34 Kane Brown What's Mine Is Yours
29%
Different Man 9 Weeks #28 Kane Brown Whiskey Sour
29%
Mixtape, Vol. 1 6 Weeks #28 Kane Brown Worldwide Beautiful
29%
Mixtape, Vol. 1 28 Weeks #24 Kane Brown Worship You
29%
Kane Brown 20 Weeks #13 Kane Brown Found You
14%
Kane Brown 1 Week #48 Kane Brown Hometown
14%
Mixtape, Vol. 1 6 Weeks #18 Kane Brown & John Legend Last Time I Say Sorry
14%
Different Man 12 Weeks #21 Kane Brown Leave You Alone
14%
Experiment 1 Week #39 Kane Brown & Becky G Lost in the Middle of Nowhere
14%
Experiment 1 Week #42 Kane Brown Short Skirt Weather
14%
Kane Brown 8 Weeks #30 Kane Brown Thunder in the Rain
14%
Chapter 1 1 Week #34 Kane Brown Wide Open
14%
Kane Brown 1 Week #19 Kane Brown Ain't No Stopping Us Now
0%
Experiment 1 Week #42 Kane Brown Baby Come Back to Me
0%
Reboot 1 Week #42 Brooks & Dunn with Kane Brown Believe
0%
Non-Album Single 6 Weeks #14 Kane Brown Blue Christmas
0%
Chapter 1 1 Week #36 Kane Brown Excuses
0%
Non-Album Single 2 Weeks #35 Kane Brown I Love That I Hate You
0%
Chapter 1 2 Weeks #31 Kane Brown Last Minute Late Night
0%
Chapter 1 2 Weeks #27 Kane Brown There Goes My Everything
0%
Experiment 3 Weeks #37 Kane Brown Weekend
0%
No matching quizzes found
Score Distribution
Percent of People with Each Score
Percentile by Number Answered
Your Score History
You have not taken this quiz since the last reset